Coyuntura de Panamá 1982: balance de la crisis /
Gardado en:
| Autores Corporativos: | , |
|---|---|
| Formato: | Texto |
| Publicado: |
Managua:
CRIES
|
| Etiquetas: |
Engadir etiqueta
Sen Etiquetas, Sexa o primeiro en etiquetar este rexistro!
|
MARC
| LEADER | 00000 a a2200000 04500 | ||
|---|---|---|---|
| 001 | 20946 | ||
| 003 | |||
| 040 | |||
| 090 | |a 089900 | ||
| 110 | |a INIES | ||
| 245 | |a Coyuntura de Panamá 1982: balance de la crisis / |c INIES | ||
| 260 | |a Managua: |b CRIES | ||
| 300 | |a 6 p. | ||
| 710 | |a CRIES |a CEASPA. Colectivo de Coyuntura |a Diálogo Social | ||
| 999 | |c 1323 |d 1323 | ||
